000
00306nam a2200121Ia 4500
008
190216s9999||||xx |||||||||||||| ||und||
100
_a
Gopinathan Nair P R
245
0
_a
Dhanasasthra Chinthyudae Charithram
260
_b
Kerala Bhasha Institute
_c
1972
300
_a
426p
650
_a
Economics
942
_c
BK
999
_c
9522
_d
9522